El APRA : (Record no. 18681)

000 -CABECERA
fixed length control field 00979nam a22002297a 4500
003 - IDENTIFICADOR DEL NÚMERO DE CONTROL
control field AR-CdUCM
008 - DATOS DE LONGITUD FIJA--INFORMACIÓN GENERAL
fixed length control field 190515b ||||| |||| 00| 0 spa d
040 ## - FUENTE DE LA CATALOGACIÓN
Agencia/entidad que catalogó originalmente la obra MUNICIPALIDAD PROVINCIAL DEL CUSCO
Entidad que transcribió la catalogación BIBLIOTECA MUNICIPAL DEL CUSCO
082 ## - NÚMERO DE LA CLASIFICACIÓN DECIMAL DEWEY
No. de Clasificación 329.1 /
Notacion interna V19
100 ## - ENTRADA PRINCIPAL--NOMBRE DE PERSONA
Nombre Personal Valderrama, Mariano
245 ## - MENCIÓN DE TÍTULO
Título El APRA :
Resto del título un camino de esperanzas y frustraciones /
260 ## - PUBLICACIÓN, DISTRIBUCIÓN, ETC.
Lugar de publicación, distribución, etc. Lima :
Nombre de la editorial, distribuidor, etc. Ediciones el Gallo Rojo,
Fecha de publicación, distribución, etc. 1980.
300 ## - DESCRIPCIÓN FÍSICA
Nº de Páginas Extensión 250 páginas ;
Otros detalles físicos figuras, fotografías,
Dimensiones 21 cm.
505 ## - NOTA DE CONTENIDO CON FORMATO
Nota de contenido formateada Contenido: La evolución ideológica del APRA 1924-1962 -- El joven Haya y el APRA de los años veinte -- El antiimperialismo y el APRA -- El surgimiento dl partido aprista Peruano -- Interamericano y productivismo Aprista 1940.1953 ...
650 ## - PUNTO DE ACCESO ADICIONAL DE MATERIA--TÉRMINO DE MATERIA
Descriptor El Apra
9 (RLIN) 3314
650 ## - PUNTO DE ACCESO ADICIONAL DE MATERIA--TÉRMINO DE MATERIA
Descriptor Política
9 (RLIN) 291
650 ## - PUNTO DE ACCESO ADICIONAL DE MATERIA--TÉRMINO DE MATERIA
Descriptor Haya de la Torre
9 (RLIN) 3315
700 ## - PUNTO DE ACCESO ADICIONAL--NOMBRE DE PERSONA
Nombre Personal Chullen, Jorge
9 (RLIN) 39415
700 ## - PUNTO DE ACCESO ADICIONAL--NOMBRE DE PERSONA
Nombre Personal Lynch, Nicolás ... (coautores)
9 (RLIN) 39416
942 ## - ELEMENTOS DE PUNTO DE ACCESO ADICIONAL (KOHA)
Fuente de clasificación
Tipo de item Libros-BMC
945 ## - PROCESAMIENTO DE INFORMACIÓN LOCAL (OCLC)
Catalogador achl
AAAA-MM-DD - Fecha de ingreso o modificacion 2019-05-15
Holdings
Estado de retiro (separado) Fuente de clasificación o esquema de estanterías Estado dañado Ubicación Sala donde se ubica Nombre de la colección Fecha de adquisición o compra Costo, precio normal en soles Signatura topográfica Código de Barras Última vez visto (Koha) Tipo de ítem (Koha)
No     Sala Humanidades Sala Humanidades Book Cart 2019-05-15 30.00 329.1 / V19 SH0000013900 2019-05-15 Libros-BMC

Powered by Koha